00730cam a2200193u 45000010005000000030006000050050017000110080041000280100017000690400024000860500018001100820012001281000033001402450044001732600060002173000025002775200170003026500064004724365FISKH20240813085250.0830324s1937 nyu 000 0 eng  aunk82096609  aDLCcCarPdDLCbeng aPS3537.T3234  a813.52 1 aSteinbeck, John,d1902-1968.10aOf Mice and Men /cBy John Steinbeck's  aPhnom Penh : bFootprints International School, c2024. a105 pages : b21 cm  aIn depression-era California, two migrant workers dream of better days on a spread of their own until an act of unintentional violence leads to tragic consequences.  aGreat Depression vNovel xAmerican literature yFriendship